| 000 | 01005nam a2200265 i 4500 | ||
|---|---|---|---|
| 001 | bg | ||
| 003 | BPK | ||
| 005 | 20210406113727.0 | ||
| 008 | 041208s2004 pl a |000 0 pol | ||
| 015 | _aPB 2004/22862 | ||
| 020 | _a8372281416 | ||
| 040 |
_aWA N _cBPK |
||
| 041 | 0 | _apol | |
| 080 | _a347.72(438) | ||
| 080 | _a346.52(438) | ||
| 100 | 1 |
_aLubińska, Hanna _eAutor |
|
| 245 | 1 | 0 |
_aSprawozdania finansowe w procesie podziału, połączenia i przekształcenia spółek / _cHanna Lubińska, Andrzej Skórzewski. |
| 260 |
_aWarszawa : _bStowarzyszenie Księgowych w Polsce. Zarząd Główny. Centralny Ośrodek Szkolenia Zawodowego, _c[2004]. |
||
| 300 |
_a118, [3] s. : _btab. ; _c24 cm. |
||
| 650 | 4 |
_aSpółki handlowe _xprawo _zPolska. |
|
| 650 | 4 |
_aSpółki handlowe _xrachunkowość _xprawo _zPolska. |
|
| 700 | 1 | _aSkórzewski, Andrzej. | |
| 856 | 4 |
_uhttp://koha.tu.koszalin.pl/cgi-bin/koha/opac-detail.pl?biblionumber=53716 _yKatalog online BPK |
|
| 942 |
_2UKD _cKS |
||
| 999 |
_c53716 _d53716 |
||